| 000 | 00743cam a22002537a 4500 | ||
|---|---|---|---|
| 003 | CHAP | ||
| 005 | 20220329135954.0 | ||
| 008 | 971013s1914 r 00010 d | ||
| 010 | _a44935 | ||
| 011 | _a45907 | ||
| 035 | _a50047 | ||
| 040 | _cCHAP | ||
| 090 | _aFolleto 1295 | ||
| 110 |
_aUruguay. Defensa Agrícola _9117006 |
||
| 245 | 1 | 3 |
_aLa langosta _b: conocimiento útiles para el caso de una invasión del acridio |
| 260 |
_aMontevideo : _b(s.e.), _c1914 |
||
| 300 |
_a8 p. _b: ilus. |
||
| 590 |
_aBATCH-UPD _b10 _c20130110 _lUCH01 _h2228 |
||
| 590 |
_aCONVERSION _b10 _c20130109 _lUCH01 _h1325 |
||
| 650 | 1 | 4 |
_aLangosta como plaga. _964759 |
| 901 | _aBK | ||
| 942 | _cFOLL | ||
| 949 |
_aFolleto 1295 _bBC _cFOLL _d-112651 _eTS1 _i50047 _si |
||
| 999 |
_c44935 _d44935 |
||